| 000 | 01144cam a2200301 a 4500 | ||
|---|---|---|---|
| 001 | 11946953 | ||
| 003 | NUST-PNEC | ||
| 005 | 20170116180713.0 | ||
| 008 | 000320s2001 cau bd 000 0 eng | ||
| 010 | _a 00102542 | ||
| 020 | _a0125069405 | ||
| 040 |
_aDLC _cPNEC _dDLC |
||
| 042 | _apcc | ||
| 050 | 0 | 0 |
_aQC221.5 _b.M67 2001 |
| 082 | 0 | 0 | _a620.203 MOR |
| 100 | 1 | _aMorfey, C. L. | |
| 245 | 1 | 0 |
_aDictionary of acoustics / _cChristopher L. Morfey. |
| 260 |
_aSan Diego : _bAcademic Press, _cc2001. |
||
| 300 |
_axvi, 430 p. ; _c24 cm. |
||
| 500 | _ahttp://www.amazon.com/Dictionary-Acoustics-Christopher-Morfey/dp/0125069405/ref=sr_1_1?s=books&ie=UTF8&qid=1413380156&sr=1-1&keywords=0125069405 | ||
| 504 | _aIncludes bibliographical references (p. [427]-430). | ||
| 650 | 0 |
_aSound _vDictionaries. _xME |
|
| 650 | 0 |
_aAcoustical engineering _vDictionaries. |
|
| 856 | 4 | 2 |
_3Publisher description _uhttp://www.loc.gov/catdir/description/els031/00102542.html |
| 906 |
_a7 _bcbc _corignew _d2 _eepcn _f20 _gy-gencatlg |
||
| 942 |
_2ddc _cBK |
||
| 999 |
_c61056 _d61056 |
||